000 00531nam a22001697a 4500
005 20251108165440.0
008 250721s1945 xx 000 0 ara d
082 1 4 _aم/810.3/م
100 1 _aالمبرد، أبو العباس محمد بن يزيد
245 1 0 _aالكامل في اللغة و الأدب /
264 1 _aالقاهرة :
_bالمكتبة التجارية المكبرى،
_c1945.
300 _a
650 1 7 _aالأدب العربي
650 1 7 _aالقواميس
942 _2ddc
_cREF
999 _c28174
_d28174